000 01129nam2a2200289 4500
001 rc\2905692
005 20110803113029.9
035 _a(NLR Aleph) 007056737
090 _a13592233
_c13592233
100 _a20110803d1939 |||y0rusy50 ca
101 1 _arus
_ceng
102 _aRU
105 _aa z |||||
200 0 _aТ. 3
_fПер. с англ. В.М. Абрамова, Е.М. Минского, Л.Е. Калихмана и Б.А. Ушакова
210 _d1939
215 _a396 с., 6 вкл. л. ил.
_cчерт., граф., ил.
320 _aБиблиогр. в конце разделов и в подстроч. прим.
461 0 _1001rc\2905691
_12001#$aАэродинамика$fПод общ. ред. проф. В.Ф. Дюрэнда$gПер. под общ. ред. проф. В.В. Голубева$vТ. 3
702 1 _aАбрамов
_bВ. М.
_4730
702 1 _aМинский
_bЕ. М.
_4730
702 1 _aКалихман
_bЛ. Е.
_4730
702 1 _aУшаков
_bБ. А.
_4730
801 0 _aRU
_bNLR
_gpsbo
801 1 _aRU
_bELAR
_2rusmarc
852 _aNLR
_j37-18/15(3)
942 _cBOOK
980 _aNB